Catálogo de la Biblioteca Horacio González - Universidad Nacional de General Sarmiento

Los rubios (Registro nro. 54923)

Detalles MARC
000 -CABECERA
campo de control de longitud fija 01628ngm a22003250a 4500
001 - NÚMERO DE CONTROL
campo de control PT35952
003 - IDENTIFICADOR DEL NÚMERO DE CONTROL
campo de control AR-LpoUNG
005 - FECHA Y HORA DE LA ÚLTIMA TRANSACCIÓN
campo de control 20210202000453.0
007 - CAMPO FIJO DE DESCRIPCIÓN FÍSICA--INFORMACIÓN GENERAL
campo de control de longitud fija vd cvaizq
008 - DATOS DE LONGITUD FIJA--INFORMACIÓN GENERAL
campo de control de longitud fija 191001s2005||||ag |||||||||||||||||spa d
037 ## - FUENTE DE ADQUISICIÓN
Condiciones de disponibilidad $8.91
040 ## - FUENTE DE LA CATALOGACIÓN
Centro catalogador/agencia de origen AR-LpoUNG
Lengua de catalogación spa
Centro/agencia transcriptor AR-LpoUNG
Normas de descripción aacr
041 ## - CÓDIGO DE LENGUA
Código de lengua del texto/banda sonora o título independiente spa
044 ## - CÓDIGO DEL PAÍS DE LA ENTIDAD EDITORA/PRODUCTORA
Código MARC del país ag
082 0# - NÚMERO DE LA CLASIFICACIÓN DECIMAL DEWEY
Número de clasificación 982.065 316rub
100 1# - ENTRADA PRINCIPAL--NOMBRE DE PERSONA
Nombre de persona Carri, Albertina
Término indicativo de función/relación dir.
245 14 - MENCIÓN DE TÍTULO
Título Los rubios
260 ## - PUBLICACIÓN, DISTRIBUCIÓN, ETC.
Lugar de publicación, distribución, etc. Buenos Aires :
Nombre del editor, distribuidor, etc. SBP,
Fecha de publicación, distribución, etc. 2005.
300 ## - DESCRIPCIÓN FÍSICA
Extensión DVD : son., col.
505 0# - NOTA DE CONTENIDO CON FORMATO
Nota de contenido con formato Hecha en 2003. - Intérpretes, Analía Couceyro. - Creditos : Guión, Albertina Carri; producción, Albertina Carri y Barry Ellsworth; producción ejecutiva, Pablo Wisznia; jefe de producción, Paola Pelzmajer; asistente de dirección, Marcelo Zanelli y Santiago Giralt; fotografía, Catalina Fernández; cámara, Carmen Torres y Albertina Carri; montaje, Alejandra Almirón; música, Gonzalo Córdoba; sonido, Jésica Suárez; temas musicales, Ryuchi Sakamoto y Charly García.
520 ## - SUMARIO, ETC.
Sumario, etc. Los rubios es un recorrido por diversos estados de la memoria a partir de la ausencia de los padres de la protagonista. Fragmentos, fantasías, relatos y fotos dan forma a una realidad que pertenece al pasado y se proyecta en el presente. Un equipo de filmación a la deriva, una actriz y unos Playmobiles felices construyen el universo fracturado en que la protagonista descubre una y otra vez lo imposible de la memoria.
650 #4 - PUNTO DE ACCESO ADICIONAL DE MATERIA--TÉRMINO DE MATERIA
Término de materia o nombre geográfico como elemento de entrada DICTADURA
650 #4 - PUNTO DE ACCESO ADICIONAL DE MATERIA--TÉRMINO DE MATERIA
Término de materia o nombre geográfico como elemento de entrada GOBIERNO MILITAR
651 #4 - PUNTO DE ACCESO ADICIONAL DE MATERIA--NOMBRE GEOGRÁFICO
Nombre geográfico Argentina
653 ## - TÉRMINO DE INDIZACIÓN--NO CONTROLADO
Término no controlado CINE ARGENTINO
653 ## - TÉRMINO DE INDIZACIÓN--NO CONTROLADO
Término no controlado REPRESION
653 ## - TÉRMINO DE INDIZACIÓN--NO CONTROLADO
Término no controlado VIDEOS
905 ## - ELEMENTOS DE DATOS E LOCAL, LDE (RLIN)
a 35952
942 ## - ELEMENTOS DE PUNTO DE ACCESO ADICIONAL (KOHA)
Tipo de ítem Koha DVD
Existencias
Estado de retiro Estado de pérdida Estado dañado No para préstamo Código de colección Localización permanente Ubicación/localización actual Fecha de adquisición Total de préstamos Signatura topográfica completa Código de barras Fecha visto por última vez Precio válido a partir de Tipo de ítem Koha Fuente del sistema de clasificación o colocación En préstamo Fecha del último préstamo
        Colección Cine Biblioteca Universidad Nacional de General Sarmiento Biblioteca Universidad Nacional de General Sarmiento 02/02/2021   982.065 316rub 00043212 02/02/2021 02/02/2021 DVD      
        Colección Cine Biblioteca Universidad Nacional de General Sarmiento Biblioteca Universidad Nacional de General Sarmiento 02/02/2021 1 982.065 316rub 00043914 03/01/2024 02/02/2021 DVD Dewey Decimal Classification 04/11/2016 03/01/2024